Le Péloponnése d'Epaminondas à Hadrien: Colloque de Tours 6-7 octobre 2005
Đã lưu trong:
| Tác giả chính: | |
|---|---|
| Định dạng: | Sách |
| Ngôn ngữ: | Tiếng Pháp |
| Được phát hành: |
París
Ausonius Éditions
2008
|
| Loạt: | Études,
21 |
| Những chủ đề: | |
| Các nhãn: |
Thêm thẻ
Không có thẻ, Là người đầu tiên thẻ bản ghi này!
|
MARC
| LEADER | 00000cam a2200000 a 4500 | ||
|---|---|---|---|
| 001 | UCD5285 | ||
| 003 | CL-VaPUC | ||
| 005 | 20220107074145.0 | ||
| 008 | 160819e20080000fr 1 fre d | ||
| 999 | |c 384855 |d 384853 | ||
| 020 | |a 2910023893 | ||
| 040 | |c Pontificia Universidad Católica de Valparaíso | ||
| 082 | 0 | 4 | |a 938 GRA 2008 |2 21 |
| 100 | 1 | |a Grandjean, Catherine |e author |9 622211 | |
| 245 | 1 | 3 | |a Le Péloponnése d'Epaminondas à Hadrien: |b Colloque de Tours 6-7 octobre 2005 |
| 260 | |a París |b Ausonius Éditions |c 2008 | ||
| 300 | |a 417 páginas | ||
| 490 | 0 | |a Études, |v 21 | |
| 518 | |p Colloque de Tours, 1, París, 6-7 octobre 2005 | ||
| 546 | |a En Francés | ||
| 583 | |a last modification |c 20190909 10:15:49 |k Rodrigo Vera | ||
| 650 | 0 | 7 | |a HISTORIA DE GRECIA ANTIGUA |2 CL-VaPUC |9 520504 |
| 650 | 0 | 7 | |a ROMANIZACION |2 CL-VaPUC |9 389777 |
| 650 | 0 | 0 | |a Helenismo |9 267485 |
| 942 | |c BK |2 ddc | ||
| 945 | |a arojas |d 20160819 12:52:00 | ||
| 952 | |0 0 |1 0 |3 erd |4 0 |6 938_000000000000000_GRA_2008 |7 0 |8 A |9 507852 |a BIBHIS |b BIBHIS |i 5338336 |o 938 GRA 2008 |p 5338336 |r 2023-01-25 |w 2020-01-23 |y BK |z Catalogado en:20160819 |k HIS | ||